Hệ thống cảnh báo cháy ứng dụng cảm biến đo nhiệt độ từ xa : Luận văn tốt nghiệp Cao học. Chuyên ngành Kỹ thuật điều khiển và Tự động hóa

Đề tài này sẽ trình bày cách xây dựng một hệ thống cảnh báo cháy để phát hiện chính xác hỏa hoạn xảy ra ở phòng trong các tòa nhà cao tầng bằng cảm biến MLX90621 và dữ liệu cảnh báo thông qua sóng RF 433MHz sẽ truyền về Master thông qua chuâ...

Disgrifiad llawn

Wedi'i Gadw mewn:
Manylion Llyfryddiaeth
Prif Awdur: Đào, Duy Việt
Fformat: Llyfr
Iaith:Undetermined
Cyhoeddwyd: Cần Thơ Trường Đại học Cần Thơ 2020
Pynciau:
Tagiau: Ychwanegu Tag
Dim Tagiau, Byddwch y cyntaf i dagio'r cofnod hwn!
Thư viện lưu trữ: Trung tâm Học liệu Trường Đại học Cần Thơ
LEADER 01531nam a2200229Ia 4500
001 CTU_239496
008 210402s9999 xx 000 0 und d
082 |a 681.2 
082 |b V308 
088 |a 8520216 
100 |a Đào, Duy Việt 
245 0 |a Hệ thống cảnh báo cháy ứng dụng cảm biến đo nhiệt độ từ xa : 
245 0 |b Luận văn tốt nghiệp Cao học. Chuyên ngành Kỹ thuật điều khiển và Tự động hóa 
245 0 |c Đào Duy Việt ; Trương Quốc Bảo (Cán bộ hướng dẫn) 
260 |a Cần Thơ 
260 |b Trường Đại học Cần Thơ 
260 |c 2020 
520 |a Đề tài này sẽ trình bày cách xây dựng một hệ thống cảnh báo cháy để phát hiện chính xác hỏa hoạn xảy ra ở phòng trong các tòa nhà cao tầng bằng cảm biến MLX90621 và dữ liệu cảnh báo thông qua sóng RF 433MHz sẽ truyền về Master thông qua chuẩn UART. Hệ thống bao gồm hai trạm cảm biến đóng vai trò là Slave đặt tại hai phòng bất kỳ của một tòa nhà, cứ mỗi 2 phút hai trạm sẽ gửi dữ liệu cảnh báo về Master thông qua LORA SX1278 RF 433MHz. 
650 |a Electronic measurements,Phép đo điện tử 
904 |i Hải 
910 |c tvtrong 
980 |a Trung tâm Học liệu Trường Đại học Cần Thơ